[Event "Vellmarer Schachtage 5th op  A"]
[Site "Vellmar"]
[Date "2013.07.26"]
[Round "2.24"]
[White "Lechnauer, Uwe"]
[Black "Krausse, Eckhard"]
[Result "0-1"]
[WhiteElo "1883"]
[BlackElo "1999"]
[PlyCount "56"]
[EventDate "2013.07.25"]
[EventType "swiss"]
[EventRounds "7"]
[EventCountry "GER"]

{DWZ 1757 DWZ 1942} 1. e4 c5 2. Nf3 d6 3. c3 Nf6 4. h3 Nc6 5. Bd3 e5 6. Bc2 Be7
7. d3 O-O 8. Be3 d5 9. exd5 Nxd5 10. O-O f5 11. Qc1 Kh8 12. Bg5 Nf6 13. Na3 h6
14. Nh4 Qe8 15. Bxh6 Nh7 16. Nf3 gxh6 17. Qxh6 Rf6 18. Qe3 f4 19. Qe2 Qh5 20.
Nd4 Qg5 21. Nf3 $11 Qg7 22. Kh1 Rh6 23. Ng1 Ng5 24. f3 Nxh3 25. Nxh3 Bxh3 26.
Kg1 Rg8 27. Rf2 Qg3 28. Kf1 Bxg2+ 0-1

[Event "Vellmarer Schachtage 5th op  A"]
[Site "Vellmar"]
[Date "2013.07.26"]
[Round "2.25"]
[White "Weber, Hubert"]
[Black "Sieber, Fiona"]
[Result "0-1"]
[WhiteElo "1999"]
[BlackElo "1868"]
[PlyCount "54"]
[EventDate "2013.07.25"]
[EventType "swiss"]
[EventRounds "7"]
[EventCountry "GER"]

{DWZ 1927 DWZ 1840} 1. Nf3 Nf6 2. c4 e6 3. e3 d5 4. b3 c5 5. Bb2 Nc6 6. d4 cxd4
7. Nxd4 Bb4+ 8. Bc3 Bxc3+ 9. Nxc3 Qa5 10. Qd2 Nxd4 11. exd4 O-O 12. c5 e5 13.
f3 exd4 14. Qxd4 b6 15. cxb6 Re8+ 16. Kf2 axb6 17. Bb5 Bd7 18. a4 Rac8 19. b4
Qa7 20. Bd3 Bc6 21. a5 Nd7 22. Bf5 g6 23. Bxd7 Qxd7 24. axb6 Bb7 25. Ne4 Rc2+
26. Kg1 Rxe4 27. fxe4 Qg4 0-1

[Event "Vellmarer Schachtage 5th op  A"]
[Site "Vellmar"]
[Date "2013.07.26"]
[Round "2.26"]
[White "Radde, Horst"]
[Black "Lammers, Frank"]
[Result "0-1"]
[WhiteElo "1845"]
[BlackElo "1998"]
[PlyCount "116"]
[EventDate "2013.07.25"]
[EventType "swiss"]
[EventRounds "7"]
[EventCountry "GER"]

{DWZ 1768 DWZ 1917} 1. b3 d5 2. a3 Nf6 3. d3 g6 4. Bb2 Bg7 5. Nd2 O-O 6. Rb1 b6
7. e3 Bb7 8. c4 c5 9. Ngf3 Nc6 10. cxd5 Qxd5 11. Qc2 Rac8 12. Be2 Rfe8 13. Qc4
Na5 14. Qxd5 Nxd5 15. Bxg7 Kxg7 16. Rc1 e5 17. O-O f6 18. e4 Nf4 19. Rfe1 Red8
20. Rc3 Nxe2+ 21. Rxe2 Ba6 22. Nc4 Nc6 23. Rd2 Nd4 24. Nxd4 Rxd4 25. Ne3 Rcd8
26. Nd5 Bb7 27. Nc7 Kf7 28. f3 a6 29. Kf2 R8d7 30. Nd5 Bxd5 31. exd5 R7xd5 32.
Ke3 Ke6 33. Rc4 b5 34. Rc3 a5 35. Rdc2 Kd6 36. g3 h5 37. Rd2 g5 38. h3 f5 39.
Rc1 f4+ 40. gxf4 exf4+ 41. Ke2 Re5+ 42. Kf2 Re3 43. Rg1 Rd5 44. b4 cxb4 45.
axb4 a4 46. h4 gxh4 47. Rh1 Rdxd3 48. Rxd3+ Rxd3 49. Rxh4 Rd2+ 50. Ke1 Rd4 51.
Rxh5 Rxb4 52. Kd2 Kc6 53. Kd3 Rc4 54. Rh6+ Kc5 55. Rh5+ Kb4 56. Re5 a3 57. Kd2
a2 58. Re1 Kb3 0-1

[Event "Vellmarer Schachtage 5th op  A"]
[Site "Vellmar"]
[Date "2013.07.26"]
[Round "2.27"]
[White "Knoth, Eugen"]
[Black "Weber, Andreas"]
[Result "1/2-1/2"]
[WhiteElo "1993"]
[BlackElo "1863"]
[PlyCount "41"]
[EventDate "2013.07.25"]
[EventType "swiss"]
[EventRounds "7"]
[EventCountry "GER"]

{DWZ 1841 DWZ 1741} 1. d4 d5 2. Bf4 g6 3. c3 Nf6 4. Nd2 Nh5 5. Bg3 Nxg3 6. hxg3
c5 7. e3 Nc6 8. Ngf3 Bg7 9. dxc5 e5 10. Bb5 O-O 11. Bxc6 bxc6 12. Qa4 Qc7 13.
Nb3 Rb8 14. O-O-O Bd7 15. Qh4 h6 16. g4 d4 17. cxd4 Rxb3 18. axb3 Be6 19. dxe5
Qa5 20. Qe7 Bxb3 21. Qd6 1/2-1/2

[Event "Vellmarer Schachtage 5th op  A"]
[Site "Vellmar"]
[Date "2013.07.26"]
[Round "2.29"]
[White "Niemeyer, Norbert"]
[Black "Stuckenschneider, Martin"]
[Result "0-1"]
[WhiteElo "1758"]
[BlackElo "1964"]
[PlyCount "92"]
[EventDate "2013.07.25"]
[EventType "swiss"]
[EventRounds "7"]
[EventCountry "GER"]

{DWZ 1590 DWZ 1764} 1. e4 c5 2. Nc3 d6 3. f4 g6 4. Nf3 Bg7 5. Bb5+ Bd7 6. Bxd7+
Qxd7 7. O-O Nc6 8. d3 e6 9. Kh1 Nge7 10. a3 O-O 11. Qe1 Nd4 12. Nxd4 cxd4 13.
Ne2 Rac8 14. c3 Nc6 15. Rb1 f5 16. cxd4 Nxd4 17. Nxd4 Bxd4 18. Be3 Qg7 19. e5
Bxe3 20. Qxe3 dxe5 21. fxe5 b6 22. Rbc1 Qd7 23. d4 Rfd8 24. Rxc8 Rxc8 25. Qb3
Qc6 26. h3 Kf7 27. Rd1 Qc2 28. Rd3 Qb1+ 29. Kh2 Rc1 30. Kg3 Rc2 31. d5 Qe1+ 32.
Kh2 Qxe5+ 33. Rg3 Rxb2 34. dxe6+ Ke7 35. Qa4 Kxe6 36. Qe8+ Kd5 37. Qd7+ Kc5 38.
Qxh7 Rb3 39. Qxg6 Rxa3 40. Qg8 Re3 41. Qg5 Rxg3 42. Qxg3 Qxg3+ 43. Kxg3 a5 44.
h4 a4 45. h5 a3 46. h6 a2 0-1

[Event "Vellmarer Schachtage 5th op  A"]
[Site "Vellmar"]
[Date "2013.07.26"]
[Round "2.31"]
[White "Mueller, Joachim"]
[Black "Diener, Carolin Valeria"]
[Result "1-0"]
[WhiteElo "1950"]
[BlackElo "1700"]
[PlyCount "53"]
[EventDate "2013.07.25"]
[EventType "swiss"]
[EventRounds "7"]
[EventCountry "GER"]

{DWZ 1689 DWZ 1623} 1. d4 Nf6 2. c4 e6 3. Nc3 Bb4 4. Bg5 h6 5. Bh4 O-O 6. e3 b6
7. Nf3 c5 8. Be2 Bb7 9. O-O Kh8 10. a3 Bxc3 11. bxc3 Rg8 12. Ne5 Qe7 13. Bh5 g6
14. Bf3 d5 15. cxd5 exd5 16. c4 g5 17. Bg3 dxc4 18. Nxc4 cxd4 19. Be5 Bxf3 20.
Qxf3 Nbd7 21. Bxd4 Qe6 22. Rac1 Rgf8 23. Nd2 Kg8 24. Rc6 Qa2 25. Rxf6 Nxf6 26.
Qxf6 Kh7 27. Qg7# 1-0

[Event "Vellmarer Schachtage 5th op  A"]
[Site "Vellmar"]
[Date "2013.07.26"]
[Round "2.32"]
[White "Bethke, Richard"]
[Black "Heckmann, Torsten"]
[Result "0-1"]
[WhiteElo "1616"]
[BlackElo "1947"]
[PlyCount "54"]
[EventDate "2013.07.25"]
[EventType "swiss"]
[EventRounds "7"]
[EventCountry "GER"]

{DWZ 1370 DWZ 1721} 1. e4 c5 2. Nf3 a6 3. d4 cxd4 4. Nxd4 e5 5. Nf5 d5 6. Ng3
d4 7. c3 Nc6 8. cxd4 Nxd4 9. Ne2 Bg4 10. Be3 Qa5+ 11. Nbc3 Rd8 12. Bxd4 Rxd4
13. Qb3 Rb4 14. Qc2 Nf6 15. f3 Be6 16. Qc1 Bc5 17. a3 Rb3 18. Qc2 Qb6 19. Na4
Bf2+ 20. Kd1 Qd6+ 21. Kc1 Rd3 22. Nec3 Be3+ 23. Kb1 Rd2 24. Qc1 Bb3 25. Qe1
Bc2+ 26. Kc1 Re2+ 27. Qd2 Qxd2# 0-1

[Event "Vellmarer Schachtage 5th op  A"]
[Site "Vellmar"]
[Date "2013.07.26"]
[Round "2.33"]
[White "Forgach, Andreas"]
[Black "Soeder, Maximilian"]
[Result "1/2-1/2"]
[WhiteElo "1919"]
[BlackElo "1672"]
[PlyCount "35"]
[EventDate "2013.07.25"]
[EventType "swiss"]
[EventRounds "7"]
[EventCountry "GER"]

{DWZ 1772 DWZ 1525} 1. e4 Nf6 2. e5 Nd5 3. d4 d6 4. Nf3 Nc6 5. Be2 dxe5 6. Nxe5
Nxe5 7. dxe5 Bf5 8. a3 e6 9. O-O Be7 10. c4 Nb6 11. Nc3 O-O 12. Be3 Qxd1 13.
Rfxd1 Rfd8 14. Nb5 c6 15. Nc3 Kf8 $11 16. f4 h6 17. Rxd8+ Rxd8 18. Rd1 1/2-1/2

[Event "Vellmarer Schachtage 5th op  A"]
[Site "Vellmar"]
[Date "2013.07.26"]
[Round "3.1"]
[White "Turov, Maxim"]
[Black "Cherny, Andrey"]
[Result "1-0"]
[WhiteElo "2588"]
[BlackElo "2197"]
[PlyCount "63"]
[EventDate "2013.07.25"]
[EventType "swiss"]
[EventRounds "7"]
[EventCountry "GER"]

{DWZ --- DWZ 2138} 1. c4 e6 2. Nc3 c5 3. Nf3 Nc6 4. g3 Nf6 5. Bg2 d5 6. cxd5
Nxd5 7. O-O Be7 8. d4 Nxc3 9. bxc3 Qa5 10. Qb3 O-O 11. Rd1 Rd8 12. Bf4 Qa6 13.
dxc5 Rxd1+ 14. Rxd1 Bxc5 15. Ne5 g5 16. Nxc6 gxf4 17. Nd4 fxg3 18. hxg3 Qb6 19.
Qa4 Kf8 20. e3 Be7 21. Nb3 Bf6 22. c4 a5 23. Nd2 Qb4 24. Qc2 Kg8 25. Ne4 Be7
26. c5 a4 27. Nd6 a3 28. Rd4 Qe1+ 29. Kh2 f5 30. c6 Bxd6 31. Rxd6 bxc6 32. Qxc6
1-0

[Event "Vellmarer Schachtage 5th op  A"]
[Site "Vellmar"]
[Date "2013.07.26"]
[Round "3.2"]
[White "Heinelt, Manfred"]
[Black "Gutman, Lev"]
[Result "0-1"]
[WhiteElo "2211"]
[BlackElo "2455"]
[PlyCount "68"]
[EventDate "2013.07.25"]
[EventType "swiss"]
[EventRounds "7"]
[EventCountry "GER"]

{DWZ 2088 DWZ 2375} 1. d4 Nf6 2. c4 g6 3. Nc3 Bg7 4. e4 O-O 5. Be3 c6 6. d5 d6
7. h3 e6 8. Nf3 exd5 9. exd5 Qa5 10. Qd2 a6 11. b4 Qc7 12. Rb1 a5 13. bxa5 Nbd7
14. dxc6 bxc6 15. Be2 Nc5 16. O-O Bf5 17. Bxc5 dxc5 18. Rb3 Rxa5 19. Rd1 Re8
20. Qd6 Qxd6 21. Rxd6 Ne4 22. Nxe4 Bxe4 23. a3 Bxf3 24. gxf3 Rxe2 25. Rd8+ Bf8
26. Rbb8 Rxa3 27. Rxf8+ Kg7 28. Rg8+ Kh6 29. Kg2 Re5 30. Rgc8 Rg5+ 31. Kh2 Rxf3
32. Rb2 Rh5 33. Rxc6 Rfxh3+ 34. Kg2 Rc3 0-1

[Event "Vellmarer Schachtage 5th op  A"]
[Site "Vellmar"]
[Date "2013.07.26"]
[Round "3.4"]
[White "Legde, Georg"]
[Black "Stabernack, Joschi"]
[Result "1/2-1/2"]
[WhiteElo "2335"]
[BlackElo "2041"]
[PlyCount "49"]
[EventDate "2013.07.25"]
[EventType "swiss"]
[EventRounds "7"]
[EventCountry "GER"]

{DWZ 2317 DWZ 1986} 1. Nf3 Nf6 2. c4 g6 3. g3 Bg7 4. Bg2 O-O 5. O-O d6 6. Nc3
c5 7. a3 Nc6 8. Rb1 a5 9. d3 Bd7 10. Ne1 Ne8 11. Nc2 Nc7 12. Bd2 Rb8 13. b4
axb4 14. axb4 cxb4 15. Nxb4 Nxb4 16. Rxb4 b5 17. cxb5 Nxb5 18. Nxb5 Rxb5 19.
Rxb5 Bxb5 20. Qb3 Qd7 21. Rc1 e6 22. Ba5 Ba4 23. Qb4 Qb5 24. e3 d5 25. d4
1/2-1/2

[Event "Vellmarer Schachtage 5th op  A"]
[Site "Vellmar"]
[Date "2013.07.26"]
[Round "3.5"]
[White "Van der Auweraert, Elwin"]
[Black "Kersten, Uwe"]
[Result "0-1"]
[WhiteElo "2154"]
[BlackElo "2289"]
[PlyCount "120"]
[EventDate "2013.07.25"]
[EventType "swiss"]
[EventRounds "7"]
[EventCountry "GER"]

{DWZ --- DWZ 2227} 1. e4 c5 2. Nf3 e6 3. d4 cxd4 4. Nxd4 a6 5. Be2 Nf6 6. Nc3
d6 7. O-O Be7 8. Be3 O-O 9. a4 Qc7 10. f4 Nc6 11. Bf3 Nxd4 12. Qxd4 e5 13. fxe5
dxe5 14. Qb6 Qxb6 15. Bxb6 Be6 16. Rad1 Rac8 17. Rfe1 Bb4 18. Re3 Nd7 19. Rxd7
Bxd7 20. Nd5 Bc5 21. Bxc5 Rxc5 22. c3 Bxa4 23. b4 Rc4 24. Be2 Rcc8 25. Ne7+ Kh8
26. Nxc8 Rxc8 27. Kf2 Kg8 28. c4 Be8 29. Rd3 Kf8 30. Rd6 Rc6 31. Rd2 Rb6 32.
Rb2 Rd6 33. Ke3 Rd4 34. Bd3 Ke7 35. h4 h5 36. g3 g6 37. Rb1 Bd7 38. Rb2 f6 39.
Rb1 f5 40. Rf1 Kf6 41. Rc1 Bc6 42. exf5 gxf5 43. b5 axb5 44. cxb5 Be4 45. Be2
$11 Rb4 46. Rc5 Rb3+ 47. Kf2 Rb2 48. Ke3 Ke6 49. Rc8 Rb3+ 50. Kf2 Bd5 51. Re8+
Kd6 52. Rf8 Be6 53. Rb8 e4 54. Rd8+ Kc5 55. Re8 Bd5 56. Bxh5 Kd4 57. Rd8 Rb2+
58. Ke1 Kc5 59. Bd1 Rh2 60. h5 Bc4 0-1

[Event "Vellmarer Schachtage 5th op  A"]
[Site "Vellmar"]
[Date "2013.07.26"]
[Round "3.6"]
[White "Stuckenschneider, Martin"]
[Black "Halt, David"]
[Result "0-1"]
[WhiteElo "1964"]
[BlackElo "2099"]
[PlyCount "80"]
[EventDate "2013.07.25"]
[EventType "swiss"]
[EventRounds "7"]
[EventCountry "GER"]

{DWZ 1764 DWZ 2047} 1. d4 f5 2. g3 Nf6 3. Bg2 d6 4. c4 g6 5. Nf3 Bg7 6. O-O O-O
7. Nc3 c6 8. Rb1 Ne4 9. Qc2 Nxc3 10. bxc3 e5 11. dxe5 dxe5 12. Ba3 Re8 13. Rfd1
Qc7 14. Qb3 h6 15. Rd6 g5 16. c5+ Qf7 17. Qxf7+ Kxf7 18. e3 Bf8 19. Rd2 Na6 20.
Bf1 Nxc5 21. Bc4+ Kf6 22. Rdd1 g4 23. Ne1 b5 24. Be2 Be6 25. Bxc5 Bxc5 26. a4
bxa4 27. Nd3 Be7 28. Nb4 Rec8 29. Rd2 a5 30. Na2 Rd8 31. Rbd1 Bb3 32. Rxd8 Rxd8
33. Rxd8 $11 Bxd8 34. Nc1 Be7 35. Kf1 Ba3 36. Nxb3 axb3 37. Bd1 a4 38. Ke2 e4
39. Kd2 Bb2 40. c4 Ke6 0-1

[Event "Vellmarer Schachtage 5th op  A"]
[Site "Vellmar"]
[Date "2013.07.26"]
[Round "3.7"]
[White "Langheinrich, Ferenc"]
[Black "Jellema, Yme Jan"]
[Result "1-0"]
[WhiteElo "2434"]
[BlackElo "2217"]
[PlyCount "63"]
[EventDate "2013.07.25"]
[EventType "swiss"]
[EventRounds "7"]
[EventCountry "GER"]

{DWZ 2342 DWZ ---} 1. Nf3 d5 2. g3 g6 3. Bg2 Bg7 4. c4 c6 5. d4 Nf6 6. b3 O-O
7. O-O Ne4 8. Bb2 Nd7 9. Nbd2 Ndf6 10. Nxe4 Nxe4 11. Ne5 Qa5 12. Qc2 f6 13.
cxd5 cxd5 14. Nc4 Qd8 15. Bxe4 dxe4 16. Qxe4 f5 17. Qf4 b5 18. Ne5 Bb7 19. Rac1
Bf6 20. Rc5 e6 21. Qc1 f4 22. Qxf4 Be7 23. Qg4 Rf5 24. e4 Bxc5 25. dxc5 Rf6 26.
c6 Bc8 27. Rd1 Qf8 28. c7 Qc5 29. Nd3 Qe7 30. Bxf6 Qxf6 31. e5 Qe7 32. Qd4 1-0

[Event "Vellmarer Schachtage 5th op  A"]
[Site "Vellmar"]
[Date "2013.07.26"]
[Round "3.8"]
[White "Pogan, Nikolas"]
[Black "Blom, Vincent"]
[Result "1/2-1/2"]
[WhiteElo "2284"]
[BlackElo "2167"]
[PlyCount "113"]
[EventDate "2013.07.25"]
[EventType "swiss"]
[EventRounds "7"]
[EventCountry "GER"]

{DWZ 2262 DWZ ---} 1. c4 e5 2. g3 Nf6 3. Bg2 Bc5 4. Nc3 O-O 5. e3 Nc6 6. Nge2
d6 7. a3 a6 8. O-O Bf5 9. d4 exd4 10. exd4 Ba7 11. h3 Re8 12. b4 h6 13. Be3 Ne4
14. d5 Nxc3 15. Nxc3 Ne5 16. Bxa7 Rxa7 17. Qd4 Ra8 18. f4 Nd7 19. g4 Bh7 20.
Rfe1 Qf6 21. Qxf6 Nxf6 22. Kf2 Bd3 23. c5 a5 24. Rxe8+ Nxe8 25. Rd1 axb4 26.
axb4 Bc4 27. Ke3 b6 28. c6 Ra3 29. Kd4 Ba6 30. Be4 g6 31. Bc2 Kf8 32. Re1 g5
33. fxg5 hxg5 34. b5 Bc8 35. Ba4 f5 36. gxf5 Nf6 37. Bc2 Kf7 38. Rg1 Nh7 39.
Kc4 Kf6 40. Kb4 Ra8 41. Ne4+ Ke5 42. Nxg5 Nf6 43. Nf7+ Kd4 44. Rd1+ Ke3 45. Nh6
Ra2 46. Kb3 Ra5 47. Kc4 Ra2 48. Rd3+ Kf4 49. Rd4+ Ke3 50. Bb3 Ra1 51. Rd1 Rxd1
52. Bxd1 Kf4 53. Bc2 Kg5 54. Nf7+ Kh4 55. Kd4 Kxh3 56. Ng5+ Kg4 57. Ne6 1/2-1/2

[Event "Vellmarer Schachtage 5th op  A"]
[Site "Vellmar"]
[Date "2013.07.26"]
[Round "3.9"]
[White "Klauke, Stefan"]
[Black "Piankov, Evgenij"]
[Result "0-1"]
[WhiteElo "2125"]
[BlackElo "2264"]
[PlyCount "110"]
[EventDate "2013.07.25"]
[EventType "swiss"]
[EventRounds "7"]
[EventCountry "GER"]

{DWZ 2081 DWZ ---} 1. e4 c6 2. d4 d5 3. Nc3 g6 4. Nge2 Bg7 5. exd5 cxd5 6. g3
Nc6 7. Bg2 e6 8. O-O Nge7 9. Bf4 a6 10. Qd2 Nf5 11. Be3 O-O 12. Nd1 Nxe3 13.
Nxe3 b5 14. c3 Bb7 15. a3 Na5 16. Rae1 Nc4 17. Nxc4 bxc4 18. g4 Rb8 19. Ng3 Bc8
20. f4 Bf6 21. Re2 Rb6 22. Rf3 Bh4 23. Rfe3 Qc7 24. Rf2 Bd7 25. Ree2 Qd8 26. f5
Qg5 27. fxe6 fxe6 28. Rxf8+ Kxf8 29. Rf2+ Kg8 30. Qe2 Rb8 31. Qf3 Qe7 32. Qf4
Rf8 33. Qxf8+ Qxf8 34. Rxf8+ Kxf8 35. Ne2 Bg5 36. Kf2 Bd2 37. Kg3 g5 38. h3 Ke7
39. Kf2 Be8 40. Bf3 Bg6 41. Kf1 Kd6 42. Kf2 Bd3 43. Bg2 Kc6 44. Ng1 Bc1 45. Nf3
Kd6 46. Ne5 Bc2 47. Bf1 Bxb2 48. Nf7+ Ke7 49. Nxg5 Bxa3 50. Ke1 Bc1 51. Nf3 a5
52. Be2 a4 53. Ne5 a3 54. Nc6+ Kf6 55. Nb4 Bb3 0-1

[Event "Vellmarer Schachtage 5th op  A"]
[Site "Vellmar"]
[Date "2013.07.26"]
[Round "3.10"]
[White "Kollars, Dmitrij"]
[Black "Meyner, Hannes"]
[Result "1/2-1/2"]
[WhiteElo "2026"]
[BlackElo "2251"]
[PlyCount "94"]
[EventDate "2013.07.25"]
[EventType "swiss"]
[EventRounds "7"]
[EventCountry "GER"]

{DWZ 2262 DWZ 2189} 1. e4 c6 2. d4 d5 3. Nc3 dxe4 4. Nxe4 Bf5 5. Ng3 Bg6 6. Nf3
Nd7 7. h4 h6 8. h5 Bh7 9. Bd3 Bxd3 10. Qxd3 e6 11. Bd2 Ngf6 12. O-O-O Be7 13.
Ne4 Nxe4 14. Qxe4 Nf6 15. Qe2 Qd5 16. c4 Qe4 17. Qxe4 Nxe4 18. Be3 Nd6 19. Ne5
Bf6 20. b3 Nf5 21. Nf3 O-O 22. Bf4 Rfd8 23. Be5 Be7 24. g4 Nd6 25. Rhe1 Bf8 26.
Nd2 Rd7 27. Bg3 b5 28. Kc2 a5 29. a4 Nc8 30. Nf3 bxc4 31. bxc4 Rb7 32. Rb1 Rb4
33. Rxb4 Bxb4 34. Ra1 f6 35. Bf4 Nb6 36. Kd3 e5 37. dxe5 Rd8+ 38. Ke4 Nxc4 39.
Rc1 Nxe5 40. Bxe5 fxe5 41. Rxc6 Rf8 42. Nxe5 Rxf2 43. Rc8+ Rf8 44. Rxf8+ Kxf8
45. Kf5 Ke7 46. Nc4 Kf7 47. g5 hxg5 1/2-1/2

[Event "Vellmarer Schachtage 5th op  A"]
[Site "Vellmar"]
[Date "2013.07.26"]
[Round "3.11"]
[White "Angskog, Kent"]
[Black "Humburg, Philipp"]
[Result "1-0"]
[WhiteElo "2219"]
[BlackElo "2054"]
[PlyCount "61"]
[EventDate "2013.07.25"]
[EventType "swiss"]
[EventRounds "7"]
[EventCountry "GER"]

{DWZ --- DWZ 2071} 1. Nf3 Nf6 2. c4 g6 3. Nc3 Bg7 4. e4 d6 5. d4 O-O 6. Be2 e5
7. Bg5 Nbd7 8. O-O h6 9. Bh4 a5 10. Re1 c6 11. d5 Nc5 12. Nd2 Qb6 13. Rb1 h5
14. h3 Bd7 15. b3 Qb4 16. Qc1 cxd5 17. a3 Qb6 18. cxd5 Rfc8 19. Qb2 Ne8 20. Nc4
Qa7 21. Be7 Bf8 22. Bxf8 Kxf8 23. a4 Ke7 24. Qd2 Kf8 25. Qh6+ Kg8 26. Bxh5 gxh5
27. Re3 Ng7 28. Rg3 Bg4 29. hxg4 h4 30. Qxh4 Nxb3 31. Rh3 1-0

[Event "Vellmarer Schachtage 5th op  A"]
[Site "Vellmar"]
[Date "2013.07.26"]
[Round "3.13"]
[White "Lammers, Frank"]
[Black "Kiesel, Harald"]
[Result "0-1"]
[WhiteElo "1998"]
[BlackElo "2140"]
[PlyCount "116"]
[EventDate "2013.07.25"]
[EventType "swiss"]
[EventRounds "7"]
[EventCountry "GER"]

{DWZ 1917 DWZ 2064} 1. d4 e6 2. Nf3 Nf6 3. Bf4 d5 4. e3 c5 5. c3 Nc6 6. Nbd2
Bd6 7. Bxd6 Qxd6 8. Bb5 O-O 9. O-O b6 10. Bxc6 Qxc6 11. Ne5 Qc7 12. f4 Ne4 13.
Nxe4 dxe4 14. Rc1 Bb7 15. Qg4 Rad8 16. Qg3 Ba6 17. Rfe1 f6 18. Ng4 Kh8 19. h4
Qf7 20. b3 Qg6 21. Kh2 Rd7 22. Nf2 Qf5 23. Qh3 Rfd8 24. Qxf5 exf5 25. g4 fxg4
26. Nxg4 Rc8 27. Nf2 f5 28. Red1 Be2 29. Rd2 Bf3 30. Nd1 Rc6 31. Kg1 Kg8 32.
Nb2 cxd4 33. exd4 e3 34. Rd3 Rg6+ 35. Kf1 Re7 36. Re1 Bg2+ 37. Ke2 Bh3 38. Kd1
Rg2 39. Kc1 Rh2 40. Rdxe3 Rxe3 41. Rxe3 Rh1+ 42. Kd2 Kf8 43. d5 Bg2 44. c4 Be4
45. Nd3 Rxh4 46. b4 Ke8 47. c5 Rh2+ 48. Kc3 Rxa2 49. Kb3 Rd2 50. Kc3 Rxd3+ 51.
Rxd3 Bxd3 52. Kxd3 bxc5 53. bxc5 h5 54. Kd4 h4 55. c6 h3 56. d6 h2 57. c7 Kd7
58. Ke5 h1=Q 0-1

[Event "Vellmarer Schachtage 5th op  A"]
[Site "Vellmar"]
[Date "2013.07.26"]
[Round "3.14"]
[White "Schmidt, Alexander"]
[Black "Kobs, Stephan"]
[Result "1/2-1/2"]
[WhiteElo "2120"]
[BlackElo "1986"]
[PlyCount "159"]
[EventDate "2013.07.25"]
[EventType "swiss"]
[EventRounds "7"]
[EventCountry "GER"]

{DWZ 2080 DWZ 1873} 1. e4 c5 2. Nf3 d6 3. d4 cxd4 4. Nxd4 Nf6 5. Nc3 a6 6. g3
e5 7. Nb3 b5 8. a3 Bb7 9. Bg2 Be7 10. O-O O-O 11. h3 Nbd7 12. Qe2 Rc8 13. Rd1
Qc7 14. Be3 Nb6 15. Na5 Ba8 16. Rac1 Nc4 17. Nxc4 Qxc4 18. Qd3 Qxd3 19. cxd3
Rfe8 20. Nd5 Nxd5 21. exd5 Bb7 22. b3 Rxc1 23. Rxc1 Rc8 24. Rxc8+ Bxc8 25. d4
Bf6 26. dxe5 Bxe5 27. Bd2 Kf8 28. a4 bxa4 29. bxa4 Bd7 30. a5 Bb5 31. Be4 g6
32. g4 Ke7 33. Kg2 Bd4 34. Kg3 f6 35. h4 Bc5 36. Bc3 Kf7 37. h5 Bd7 38. Bd3 Bc8
39. f3 Bb7 40. Bc4 Bc8 41. Kf4 Bb7 42. Ke4 Bc8 43. Bb3 f5+ 44. Kf4 fxg4 45.
fxg4 Bd7 46. Bc4 Bc8 47. Bd3 Bb7 48. Ke4 Bc8 49. Be2 Bb7 50. Bd1 Bc8 51. Be2
Bb7 52. g5 Bc8 53. Kf4 Ba3 54. Bd2 Bb2 55. h6 Be5+ 56. Ke4 Bf5+ 57. Ke3 Bc8 58.
Bd1 Bf5 59. Ba4 Bc8 60. Bc6 Ke7 61. Kf3 Kf7 62. Ke3 Ke7 63. Kd3 Bf5+ 64. Kc4
Bc8 65. Kb4 Kf7 66. Be3 Ke7 67. Ba4 Bf5 68. Bd1 Bc8 69. Be2 Kf7 70. Bd3 Bb7 71.
Kc4 Bc8 72. Bb6 Bf5 73. Be2 Bc8 74. Kb4 Ke7 75. Be3 Kf7 76. Bd3 Bg3 77. Bd4
Be1+ 78. Ka4 Bd7+ 79. Kb3 Bxa5 80. Bf6 {Notation nicht lesbar} 1/2-1/2

[Event "Vellmarer Schachtage 5th op  A"]
[Site "Vellmar"]
[Date "2013.07.26"]
[Round "3.15"]
[White "Doeserich, Juergen"]
[Black "Mueller, Joachim"]
[Result "1-0"]
[WhiteElo "2092"]
[BlackElo "1950"]
[PlyCount "57"]
[EventDate "2013.07.25"]
[EventType "swiss"]
[EventRounds "7"]
[EventCountry "GER"]

{DWZ 2023 DWZ 1689} 1. d4 Nf6 2. c4 g6 3. Nc3 Bg7 4. e4 d6 5. Nf3 Bg4 6. Be2
O-O 7. O-O Nbd7 8. Be3 Bxf3 9. Bxf3 e5 10. d5 Ne8 11. Be2 f5 12. f3 f4 13. Bf2
Bf6 14. Kh1 Ng7 15. b4 b6 16. Rc1 Qe7 17. Na4 Nh5 18. g3 fxg3 19. hxg3 Bg5 20.
Rc3 a5 21. a3 axb4 22. axb4 Ndf6 23. Kg2 Rfb8 24. Qc2 Qd7 25. Nb2 Ra2 26. Rb1
c5 27. dxc6 Qxc6 28. c5 bxc5 29. Bc4+ 1-0

[Event "Vellmarer Schachtage 5th op  A"]
[Site "Vellmar"]
[Date "2013.07.26"]
[Round "3.16"]
[White "Keil, Roland"]
[Black "Heckmann, Torsten"]
[Result "1/2-1/2"]
[WhiteElo "2062"]
[BlackElo "1947"]
[PlyCount "118"]
[EventDate "2013.07.25"]
[EventType "swiss"]
[EventRounds "7"]
[EventCountry "GER"]

{DWZ 1952 DWZ 1721} 1. e4 c5 2. Nc3 a6 3. a4 Nc6 4. f4 d6 5. Nf3 g6 6. g3 Bg7
7. Bg2 Bg4 8. h3 Bd7 9. O-O e6 10. d3 Nge7 11. Ne2 O-O 12. c3 Rc8 13. Be3 Qa5
14. d4 cxd4 15. Nexd4 Qc7 16. Qe2 e5 17. fxe5 dxe5 18. Nb3 Na5 19. Nc5 f5 20.
Rfd1 Rcd8 21. b4 f4 22. Bf2 Nac6 23. Qc4+ Kh8 24. Ng5 Qc8 25. Nf7+ Rxf7 26.
Qxf7 Rf8 27. Qc4 Bxh3 28. Bxh3 Qxh3 29. Qf1 Qg4 30. Qg2 f3 31. Qf1 b6 32. Nd7
Rf4 33. Nxb6 Rxe4 34. b5 h5 35. Ra2 h4 36. bxc6 Nf5 37. c7 hxg3 38. c8=Q+ Kh7
39. Bxg3 Qxg3+ 40. Rg2 fxg2 41. Qfxf5 gxf5 42. Qxf5+ Qg6 43. Qxg6+ Kxg6 44.
Kxg2 Rf4 45. Rd6+ Kf5 46. a5 Bf8 47. Rc6 Ke4 48. Nd7 Kd5 49. Rxa6 e4 50. Ra8
Be7 51. Nb6+ Kc6 52. Re8 Bc5 53. Re6+ Kb5 54. Nd7 Ba7 55. a6 e3 56. Nf6 Rf2+
57. Kg3 Ra2 58. Nd5 Ra3 59. Nxe3 Rxc3 1/2-1/2

[Event "Vellmarer Schachtage 5th op  A"]
[Site "Vellmar"]
[Date "2013.07.26"]
[Round "3.17"]
[White "Sieber, Fiona"]
[Black "Eriksson, Magnus"]
[Result "0-1"]
[WhiteElo "1868"]
[BlackElo "2060"]
[PlyCount "94"]
[EventDate "2013.07.25"]
[EventType "swiss"]
[EventRounds "7"]
[EventCountry "GER"]

{DWZ 1890 DWZ ---} 1. e4 e6 2. d4 d5 3. Nc3 Bb4 4. e5 c5 5. a3 Bxc3+ 6. bxc3
Qa5 7. Bd2 Qa4 8. Nf3 Nc6 9. Bd3 c4 10. Be2 Bd7 11. O-O Nge7 12. Nh4 O-O-O 13.
f4 Nf5 14. Nf3 h5 15. Ng5 Rdf8 16. Bxh5 f6 17. Nh3 Nce7 18. Bf3 Rh7 19. exf6
gxf6 20. Nf2 Nh4 21. Bg4 Rg8 22. g3 Nhf5 23. Nh1 Nd6 24. Bf3 f5 25. Rf2 Ne4 26.
Rg2 Rhg7 27. Ra2 Qa5 28. Qe1 Qb6 29. Nf2 Ba4 30. Nh3 Ng6 31. Be3 Qa5 32. Bd2
Qb6 33. Kh1 Ne7 34. Ng5 Rh8 35. Qc1 Qd6 36. Ra1 Ng8 37. Bxe4 dxe4 38. Rb1 e3
39. Bxe3 Bc6 40. d5 Qxd5 41. Qf1 Nf6 42. Bd4 Ng4 43. h4 e5 44. fxe5 Rxg5 45. e6
Rxh4+ 46. Kg1 Rh7 47. Re1 Rgh5 0-1

[Event "Vellmarer Schachtage 5th op  A"]
[Site "Vellmar"]
[Date "2013.07.26"]
[Round "3.18"]
[White "Schlachowitsch, Markus"]
[Black "Flick, Antoine"]
[Result "1-0"]
[WhiteElo "2022"]
[BlackElo "1909"]
[PlyCount "109"]
[EventDate "2013.07.25"]
[EventType "swiss"]
[EventRounds "7"]
[EventCountry "GER"]

{DWZ 1882 DWZ ---} 1. e4 c5 2. Nf3 Nc6 3. c3 d5 4. exd5 Qxd5 5. d4 Bg4 6. Be2
Nf6 7. O-O e6 8. Be3 cxd4 9. cxd4 Be7 10. Nc3 Qd7 11. h3 Bf5 12. Ne5 Nxe5 13.
dxe5 Qxd1 14. Rfxd1 Ne4 15. Bb5+ Kf8 16. Nxe4 Bxe4 17. Rac1 a6 18. Ba4 Bd5 19.
Rc7 h6 20. Rdc1 g6 21. Rd7 Bd8 22. Rd1 Kg7 23. R1xd5 exd5 24. e6 Kf6 25. exf7
Rf8 26. Bd4+ Ke6 27. Rxb7 Rxf7 28. Rb3 Rf4 29. Rd3 Rc8 30. Bb3 Rc1+ 31. Kh2 Bc7
32. g3 Rf5 33. Kg2 Rc6 34. g4 Rf7 35. Re3+ Kd6 36. Be5+ Kc5 37. Rc3+ Kb6 38.
Bd4+ Kb5 39. a4+ Kb4 40. Rxc6 Kxb3 41. Rxg6 Bf4 42. Rxa6 Kc4 43. Be3 Bxe3 44.
fxe3 Kd3 45. Re6 Ke2 46. a5 Rf2+ 47. Kg3 Rf3+ 48. Kh4 Kf2 49. g5 Kg2 50. gxh6
Rxh3+ 51. Kg5 {Zeitnot Züge nicht klar} Rxe3 52. Rd6 d4 53. Rxd4 Re5+ 54. Kf6
Rxa5 55. Rd6 1-0